000 00849cab a2200193 4500
001 WB2437-22
008 090401t1988 xxu||||| |||| 00| 0 eng d
035 _a(Sirsi) u25202
041 _aeng
245 _aRegional Development
260 _c1988
350 _a0
490 _aTimes
_v15/9/88 p17 (4) LOAN
520 _aSurvey on regional assistance which looks at the future of the Scottish Development Agency , enterprise zones , whose rates exemptions cease in 1992, the achievements of the Merseyside Development Corporation and the aims of the CBI `s Task Force on inner cities . Concludes with a review of the success of the Dean Clough Industrial Complex at Halifax in West Yorkshire and the Metro Centre at Tyne and Wear .
650 _aACTION FOR CITIES
690 _aPLANNING LAW AND PRACTICE
942 _n0
948 _c04/03/1997
999 _c16915
_d16915